000 00698nam a2200289Ia 4500
005 20260324131614.0
008 008 260324s9999 xx 000 0 eng d
020 _a9781315261591
037 _aEBOOK
040 _aCRL
040 _beng
040 _cCRL
041 _2eng
041 _aeng
084 _qCRL
100 _aMalinda S. Smith
_91175714
245 0 _aBeyond the 'African Tragedy'
245 0 _bDiscourses on Development and the Global Economy
260 _bTaylor and Francis
260 _c2006
365 _a
365 _b240
856 _uhttp://www.taylorfrancis.com/books/9781315261591
942 _cEBOOK
999 _c1783460
_d1783460